Music Quiz

Random Music or Classical Quiz

Classical Music Dates Quiz Stats

 Plays Quiz not verified by Sporcle

Challenge
Share
Tweet
Embed
Score 0/21 Timer 15:00
0 Plays Today
Piece Year % Correct
Symphony No. 9 in D minor, Op. 1251824
86.9%
Overture to a Midsummer Night's Dream1826
85.9%
Symphony No. 3 in Eb Major - Eroica1803
85.9%
String Quartet in Bb Major, Op. 1301826
85.9%
Der Lindenbaum (Winterreise)1827
84.8%
Symphony No. 40 in G minor1788
84.8%
Piano Sonata in C Major, 'Waldstein'1804
83.8%
Don Giovanni1787
80.8%
Symphonie fantastique1830
80.8%
Die alten, bösen Lieder (Dichterliebe) 1840
78.8%
Mazurka in A minor1833
77.8%
Piece Year % Correct
Symphony No. 103 in Eb Major1795
77.8%
Piano Concerto in Eb Major K.271 1777
75.8%
Carnaval1835
74.7%
Ballade No. 1 in G minor1835
74.7%
String Quartet in C Major, Op. 33, No. 31781
74.7%
Alceste1776
71.7%
Études d'exécution transcendante1851
70.7%
Africa1778
63.6%
Sonata in D Major, Op. 5, No. 21766
59.6%
Symphony in D Major, Op. 3, No. 2 1752-1755
57.6%

You're not logged in!

Compare scores with friends on all Sporcle quizzes.
Join for Free
OR
Log In

You Might Also Like...

Show Comments

Extras

Created Feb 22, 2011ReportNominate
Tags:Classical Quiz, composer, date, piece

Top Quizzes Today


Score Distribution

Your Account Isn't Verified!

In order to create a playlist on Sporcle, you need to verify the email address you used during registration. Go to your Sporcle Settings to finish the process.

Report this User

Report this user for behavior that violates our Community Guidelines.

Details: